| 000 | 00997nam a22002537a 4500 | ||
|---|---|---|---|
| 999 |
_c8228 _d8228 |
||
| 003 | AR-CdUCM | ||
| 008 | 190322b ||||| |||| 00| 0 spa d | ||
| 020 | _a84-309-0641-X | ||
| 040 |
_aMUNICIPALIDAD PROVINCIAL DEL CUSCO _cBIBLIOTECA MUNICIPAL DEL CUSCO |
||
| 041 | _heng | ||
| 082 |
_a630 / _bE96 |
||
| 100 |
_aEvenson, Robert E. _923166 |
||
| 245 | _aInvestigación agrícola y productividad / | ||
| 260 |
_aMadrid : _bTecnos, _c1976. |
||
| 300 |
_a174 páginas ; _bIlustraciones, _c23 cm. |
||
| 440 |
_aBanco mundial _923167 |
||
| 505 | _aLa producción de alimentos: problemas y perspectivas -- Inversiones en investigación y extensión agrícola -- Transferencia tecnológica internacional: el caso de las variedades de caña de azúcar -- Investigación y productividad en el trigo y en el maíz ... | ||
| 650 |
_aAgricultura _9320 |
||
| 650 |
_aProductividad _98809 |
||
| 650 |
_aEconomía agrícola _95006 |
||
| 700 |
_aKislev, Yoav _923168 |
||
| 942 |
_2ddc _cLIBROS |
||
| 945 | _aacv | ||